000 00819nam a2200265 a 4500
001 67356
003 BD-RjUL
005 20211209081636.0
008 170323s1958 nyua b 001 0 eng d
035 _a(BD-RjUL)67487
035 _a(OCoLC)00534558
035 _aGLIS00159775
040 _aDLC/ICU
_cCGU
_dMYG
_beng
041 _aeng
082 _223
_a533.7
_bPRK 1958
100 1 _aPresent, R. D.
_9199562
245 1 0 _aKinetic theory of gases /
_cR. D. Present
260 _aNew York :
_bMcGraw-Hill,
_cc1958.
300 _axiv, 280 p. :
_bill. ;
_c24 cm.
490 1 _aInternational series in pure and applied physics.
504 _aIncludes bibliographies and indexes.
650 0 _aKinetic theory of gases.
_9199563
830 0 _aInternational series in pure and applied physics.
_9199568
942 _2ddc
_cBK
999 _c67356
_d67356